Nuutajñvi (Record no. 806)

MARC details
000 -CABECERA
campo de control de longitud fija 00765nam a2200205 a 4500
001 - NÚMERO DE CONTROL
campo de control BRCA_913
005 - FECHA Y HORA DE LA ÚLTIMA TRANSACCIÓN
campo de control 20190320203214.0
008 - DATOS DE LONGITUD FIJA--INFORMACIÓN GENERAL
campo de control de longitud fija 110408s1993----fi-a---###---#000-0#eng-#
020 ## - NÚMERO INTERNACIONAL ESTÁNDAR DEL LIBRO
Número Internacional Estándar del Libro 9529044593
050 #4 - SIGNATURA TOPOGRÁFICA DE LA BIBLIOTECA DEL CONGRESO
Número de clasificación NK5157
Número de documento/Ítem .N98 1993
245 10 - MENCIÓN DE TÍTULO
Título Nuutajñvi
Resto del título 200 Vuotta Suomalaista Lasia = 200 Years of Finnish Glass.
260 ## - PUBLICACIÓN, DISTRIBUCIÓN, ETC.
Lugar de publicación, distribución, etc. Helsinki
Nombre del editor, distribuidor, etc. Hackman : The Finnish Glass Museum
Fecha de publicación, distribución, etc. 1993
300 ## - DESCRIPCIÓN FÍSICA
Extensión 119 p.
Otras características físicas il. (algunas a color), fotografías
Dimensiones 30 cm.
546 ## - NOTA DE LENGUA/LENGUAJE
Nota de lengua/lenguaje Texto en : finés e inglés
610 24 - PUNTO DE ACCESO ADICIONAL DE MATERIA--NOMBRE DE ENTIDAD CORPORATIVA
Nombre de entidad corporativa o nombre de jurisdicción como elemento de entrada Hackman Group
Subdivisión general Fábricas de vidrio
Subdivisión geográfica Finlandia
9 (RLIN) 3031
650 14 - PUNTO DE ACCESO ADICIONAL DE MATERIA--TÉRMINO DE MATERIA
Término de materia o nombre geográfico como elemento de entrada Vidrio
Subdivisión general Diseñadores
Subdivisión cronológica 1940 al 1970
Subdivisión geográfica Finlandia
9 (RLIN) 3032
651 #4 - PUNTO DE ACCESO ADICIONAL DE MATERIA--NOMBRE GEOGRÁFICO
Nombre geográfico Nuutajñvi, Finlandia
Subdivisión general Producción de vidrio
Subdivisión cronológica Siglos XVIII a XX
9 (RLIN) 3033
740 0# - PUNTO DE ACCESO ADICIONAL--TÍTULO RELACIONADO O ANALÍTICO NO CONTROLADO
Título relacionado o analítico no controlado Years of Finnish Glass
942 ## - ELEMENTOS DE PUNTO DE ACCESO ADICIONAL (KOHA)
Fuente del sistema de clasificación o colocación Library of Congress Classification
Tipo de ítem Koha Libros
Holdings
Estado de retiro Estado de pérdida Estado dañado No para préstamo Localización permanente Ubicación/localización actual Fecha de adquisición Total de préstamos Signatura topográfica completa Código de barras Fecha visto por última vez Precio válido a partir de Tipo de ítem Koha
El ejemplar forma parte de la colección y puede ser consultado según las políticas vigentes.       Biblioteca del Museo Franz Mayer (Rogerio Casas-Alatriste) Biblioteca del Museo Franz Mayer (Rogerio Casas-Alatriste) 26/06/2008   NK5157 .N98 1993 01386 22/03/2019 22/03/2019 Libros